Handbook of petroleum refining processes [4th ed.] (Record no. 53159)
[ view plain ]
| 000 -LEADER | |
|---|---|
| fixed length control field | 00788nam a22002297a 4500 |
| 005 - DATE AND TIME OF LATEST TRANSACTION | |
| control field | 20260429145450.0 |
| 008 - FIXED-LENGTH DATA ELEMENTS--GENERAL INFORMATION | |
| fixed length control field | 260429b |||||||| |||| 00| 0 eng d |
| 020 ## - INTERNATIONAL STANDARD BOOK NUMBER | |
| International Standard Book Number | 9780071850490 |
| Qualifying information | hb |
| 082 ## - DEWEY DECIMAL CLASSIFICATION NUMBER | |
| Classification number | 665.53 |
| Item number | MEY.4E |
| 100 ## - MAIN ENTRY--PERSONAL NAME | |
| Personal name | Meyers, Robert A. [ed.] |
| 245 ## - TITLE STATEMENT | |
| Title | Handbook of petroleum refining processes [4th ed.] |
| 250 ## - EDITION STATEMENT | |
| Edition statement | 4th ed. |
| 260 ## - PUBLICATION, DISTRIBUTION, ETC. | |
| Place of publication, distribution, etc. | New York |
| Name of publisher, distributor, etc. | McGraw Hill Education |
| Date of publication, distribution, etc. | 2016 |
| 300 ## - PHYSICAL DESCRIPTION | |
| Extent | xxx, 802p. ; 24cm. |
| 653 ## - INDEX TERM--UNCONTROLLED | |
| Uncontrolled term | Petroleum--Refining--Handbooks, manuals, etc |
| 653 ## - INDEX TERM--UNCONTROLLED | |
| Uncontrolled term | Petroleum chemicals--Handbooks, manuals, etc |
| 653 ## - INDEX TERM--UNCONTROLLED | |
| Uncontrolled term | Geotechnical engineering Handbooks, manuals, etc |
| 653 ## - INDEX TERM--UNCONTROLLED | |
| Uncontrolled term | Mines and mineral resources Handbooks, manuals, etc |
| 653 ## - INDEX TERM--UNCONTROLLED | |
| Uncontrolled term | Petroleum products Handbooks, manuals, etc |
| 653 ## - INDEX TERM--UNCONTROLLED | |
| Uncontrolled term | CHE310 |
| 942 ## - ADDED ENTRY ELEMENTS (KOHA) | |
| Source of classification or shelving scheme | Dewey Decimal Classification |
| Koha item type | Book |
| Withdrawn status | Lost status | Source of classification or shelving scheme | Damaged status | Not for loan | Collection code | Home library | Current library | Shelving location | Date acquired | Source of acquisition | Total Checkouts | Full call number | Barcode | Date last seen | Price effective from | Koha item type |
|---|---|---|---|---|---|---|---|---|---|---|---|---|---|---|---|---|
| Dewey Decimal Classification | Reference | LRC, IIT Indore | LRC, IIT Indore | 3rd Floor - Reference Collection | 09/04/2026 | PO_2025-26_PO-80 ,Vendor: Shankar's Book Agency Pvt.Ltd., New Delhi ; Inv. No.: IN37119/25-26, dt.17.03.2026 ; Price: USD 241.00 | 665.53 MEY.4E | 38802 | 29/04/2026 | 29/04/2026 | Reference Books |
